<?xml version="1.0" encoding="UTF-8"?>
<record
    xmlns:xsi="http://www.w3.org/2001/XMLSchema-instance"
    xsi:schemaLocation="http://www.loc.gov/MARC21/slim http://www.loc.gov/standards/marcxml/schema/MARC21slim.xsd"
    xmlns="http://www.loc.gov/MARC21/slim">

  <leader>00545nam a2200193Ia 4500</leader>
  <controlfield tag="008">151119s9999||||xx |||||||||||||| ||und||</controlfield>
  <datafield tag="082" ind1=" " ind2=" ">
    <subfield code="a">923.254</subfield>
  </datafield>
  <datafield tag="082" ind1=" " ind2=" ">
    <subfield code="b">GKKV17853</subfield>
  </datafield>
  <datafield tag="100" ind1=" " ind2=" ">
    <subfield code="a">&#x906;&#x92A;&#x91F;&#x947; &#x917;&#x941;&#x930;&#x941;&#x91C;&#x940;</subfield>
  </datafield>
  <datafield tag="245" ind1=" " ind2=" ">
    <subfield code="a">&#x932;&#x94B;&#x915;&#x92E;&#x93E;&#x928;&#x94D;&#x92F; &#x91F;&#x93F;&#x933;&#x915;</subfield>
  </datafield>
  <datafield tag="260" ind1=" " ind2=" ">
    <subfield code="a">--</subfield>
  </datafield>
  <datafield tag="260" ind1=" " ind2=" ">
    <subfield code="b">--</subfield>
  </datafield>
  <datafield tag="260" ind1=" " ind2=" ">
    <subfield code="c">0</subfield>
  </datafield>
  <datafield tag="600" ind1=" " ind2=" ">
    <subfield code="a">&#x906;&#x92A;&#x91F;&#x947; &#x917;&#x941;&#x930;&#x941;&#x91C;&#x940;</subfield>
  </datafield>
  <datafield tag="630" ind1=" " ind2=" ">
    <subfield code="a">&#x932;&#x94B;&#x915;&#x92E;&#x93E;&#x928;&#x94D;&#x92F; &#x91F;&#x93F;&#x933;&#x915;</subfield>
  </datafield>
  <datafield tag="700" ind1=" " ind2=" ">
    <subfield code="a">&#x906;&#x92A;&#x91F;&#x947; &#x917;&#x941;&#x930;&#x941;&#x91C;&#x940;</subfield>
  </datafield>
  <datafield tag="730" ind1=" " ind2=" ">
    <subfield code="a">&#x932;&#x94B;&#x915;&#x92E;&#x93E;&#x928;&#x94D;&#x92F; &#x91F;&#x93F;&#x933;&#x915;</subfield>
  </datafield>
  <datafield tag="942" ind1=" " ind2=" ">
    <subfield code="c">BOOK</subfield>
  </datafield>
  <datafield tag="999" ind1=" " ind2=" ">
    <subfield code="c">1070972</subfield>
    <subfield code="d">1070969</subfield>
  </datafield>
  <datafield tag="952" ind1=" " ind2=" ">
    <subfield code="0">0</subfield>
    <subfield code="1">0</subfield>
    <subfield code="4">0</subfield>
    <subfield code="7">0</subfield>
    <subfield code="a">GKKV</subfield>
    <subfield code="b">GKKV</subfield>
    <subfield code="d">2012-09-07</subfield>
    <subfield code="g">0.00</subfield>
    <subfield code="l">0</subfield>
    <subfield code="o">GKKV17853</subfield>
    <subfield code="p">GKKV17853</subfield>
    <subfield code="r">2015-11-19 00:00:00</subfield>
    <subfield code="v">0.00</subfield>
    <subfield code="w">2015-11-19</subfield>
    <subfield code="y">BOOK</subfield>
  </datafield>
</record>
